Super Meat Boy Characters - Statistics

General Stats
  • This quiz has been taken 50 times
  • The average score is 20 of 28
Answer Stats
Origin Game Unlock Method Character % Correct
Super Meat Boy Collect 60 Bandages 4Bit Meat Boy
95%
Super Meat Boy Collect 80 Bandages 4Color Meat Boy
95%
Super Meat Boy Collect 40 Bandages 8Bit Meat Boy
95%
Meat Boy Unlocked From The Start Meat Boy
95%
Meat Boy Only Playable In Chapter 7 Bandage Girl
92%
Super Tofu Boy Input Special Code Tofu Boy
86%
Alien Hominid Collect 30 Bandages Alien Hominid
84%
Minecraft Collect 100 Bandages Steve
84%
Flywrench Complete The 4-18 Warp Zone Flywrench
81%
Gish Collect 10 Bandages Gish
81%
Half-Life Collect 10 Bandages Headcrab
81%
Mighty Jill Off Complete The 2-8 Warp Zone Jill
78%
I Wanna Be The Guy Complete The 5-7 Warp Zone The Kid
78%
Super Meat Boy Dev Mode Only Dr. Fetus
76%
Bit.Trip Runner Complete The 1-12 Warp Zone Commander Video
73%
Jumper Complete The 3-16 Warp Zone Ogmo
70%
Spelunky Collect 70 Bandages Spelunky
68%
RunMan: Race Around The World Collect 70 Bandages RunMan
65%
Super Meat Boy Input Special Code Brownie
62%
N Collect 100 Bandages The Ninja
62%
Super Meat Boy Reach 100% Completion Meat Ninja
54%
Aquaria Collect 50 Bandages Naija
54%
VVVVVV Collect 90 Bandages Captain Viridian
51%
Machinarium Collect 30 Bandages Josef
51%
Castle Crashers Collect 90 Bandages Pink Knight
51%
World Of Goo Input Special Code Goo Ball
46%
Braid Collect 50 Bandages Tim
46%
Super Meat Boy Only Playable On April 1st Of 2011 Potato Boy
35%
No matching quizzes found
Score Distribution
Percent of People with Each Score
Percentile by Number Answered
Your Score History
You have not taken this quiz